Nennen Sie einen Nummer 1 Hit | Deutschrap-Edition - Statistiken

Allgemein
  • Dieses Quiz wurde 996 mal gespielt
    23 seit der letzten Aktualisierung
  • Das Durchschnittsergebnis liegt bei 14 aus 25
Antwortstatistiken
Artist/Künstler Song % Korrekt
Apache 207 Roller / Wieso tust du dir das an? / Fame / Boot / Bläulich / Unterwegs / Sie ruft / Angst / Madonna / Kapitel II Vodka / Komet / Wunder
100%
Capital Bra 5 Songs in einer Nacht / Neymar / One Night Stand / Berlin lebt / Für euch alle / Melodien / Roli Glitzer Glitzer / Benzema / Prinzessa / DNA / Wir ticken / Cherry Lady / Wieder Lila / Royal Rumble / Tilidin / Zombie / Nummer 1 / 110 / Der Bratan bleibt der gleiche / Nicht verdient / Frühstuck in Paris
89%
Samra Für euch alle / Cateleya / Wir ticken / Harami / Wieder Lila / Royal Rumble / Tilidin / Zombie / Nummer 1 / 110 / Rohdiamant ٢٠٢٠ / Kennst du das?!
89%
Bausa Was du Liebe nennst / Madonna / 9 bis 9
83%
Bonez MC Kokain / 500 PS / Roadrunner / In meinen Benz / Big Body Benz / Fuckst mich nur ab / Angeklagt / Extasy / Blaues Licht
78%
Ski Aggu Friesenjung / Liebe Grüße / Zornig (2024)
72%
Shirin David Gib ihm, 90-60-111, Ich darf das, Lieben wir, Be a Hoe/Break a Hoe / Bauch Beine Po
72%
RAF Camora Kokain / 500 PS / Blaues Licht / 2CB / All Night / Liebe Grüße
72%
Juju Melodien / Vermissen / Kein Wort /
72%
Ufo361 Neymar / Standard / Emotions
72%
Cro Whatever / Traum / Bye Bye / Frühstück in Paris
72%
Mero Baller los / Hobby Hobby / Ferrari / Wolke 10 / Kein Plan / Sie weiß
67%
Luciano Roli Glitzer Glitzer / Royal Rumble / 2CB / Beautiful Girl / Bamba / All Night / Wonderful Life / Time
67%
Pashanim Sommergewitter / Mittelmeer / Shabab(e)s im VIP
61%
Katja Krasavice Highway / Best Friend (Remix) / Pussy Power / Raindrops / One Night Stand
56%
Loredana Kein Plan / Kein Wort / Angst / Du bist mein / Nicht verdient / Rosenkrieg
50%
T-low Sehnsucht / We made it
50%
Gzuz Kokain / Standard
44%
Kontra K Summertime / Die Sonne
44%
Ayliva Sie weiß / Wunder
28%
Kitty Kat Be a Hoe/Break a Hoe / Hot or Not
22%
Shindy Dodi / Mandarinen
22%
Eno Roli Glitzer Glitzer / Ferrari /
22%
Nimo Royal Rumble / Kein Schlaf
22%
Jazeek Akon / CDY
11%
Keine übereinstimmenden Quizze gefunden
Verteilung der Resultate
Anzahl Personen mit jedem Resultat
Perzentil nach korrekt beantworteten Fragen
Ihre Resultats-Entwicklung
Sie haben dieses Quiz seit der letzten Aktualisierung nicht gespielt